000
00270nam a22001097a 4500
008
170126b xxu||||| |||| 00| 0 eng d
020
_a
0136080308
041
_a
eng
080
_2
6TH
_a
61
245
_a
THE ECONOMICS OF HEALTH AND HEALTH CARE
_c
FOLLAND, SH
942
_2
udc
_c
BK
999
_c
3751
_d
3751